01339nam a2200337 a 4500001001000000003000500010005001700015008004100032010001100073011001100084040000900095090001000104100004400114245017200158260004100330500006000371502006900431590004100500590004100541590004000582590004000622650003300662650002900695650003400724856007000758901000700828942001000835942000600845999001900851952013100870000114945CHAP20220329144505.0180814s2018 mx a sm |||||||spa d a111406 a112378 cCHAP aTesis1 aBarranco Velázquez, Héctor.913577610aEvaluación de dos hidrogeles en suelos con diferente textura en la producción de quinua (Chenopodium quinua Will)h[En línea]cpor Héctor Barranco Vélazquez. aChapingo, Méx. :bEl autor,c2018. aPara ver el contenido del material haga clic en la liga aTesis (Ing. Agr. Esp. en Suelos) -- UACH. Departamento de Suelos aBATCH-UPDb10c20190528lUCH01h1119 aE11695DGDb10c20190528lUCH01h1118 aE8697GMMb05c20180814lUCH01h1451 aE8697GMMb05c20180816lUCH01h085314aQuinoaxCrecimiento.913432914aQuinoaxCultivo.913433114aSuelosxMejoramiento.9110431 aFinding aiduhttp://10.13.5.2/tesis/sist114945.pdfzTeclea aquí aBK cTESIS n0 c111406d111406 00104054718TESISaBCbBCd2018-08-14fTESISl0oTesisp114956-10r2019-12-31 00:00:00w2019-12-31yTESISzRecien adquirido